000 00545nam a2200181Ia 4500
003 GCL
008 140319s9999 xx 000 0 ara d
040 _aGCL /
_cGCL
082 0 4 _a658.3
_bص ا
100 1 _aصالح عودة سعيد
245 1 0 _aادارة الافراد /
_cصالح عودة سعيد
260 _aليبيا :
_bالجامعة المفتوحة ،
_c1994
300 _a608 ص ؛
_c24 سم
650 0 4 _aالادارة
650 0 4 _aادارة الافراد
650 0 4 _aتقسيم الوظائف
942 _2ddc
_cBK
999 _c43525
_d43525